000
00170as aa2200085a 44500
090
_a
SERIADAS
_b
00477
245
1
0
_a
American Zoologist
041
0
_a
Inglés
942
_c
REVISTA
999
_c
16677
_d
16677